Statistics for US States with The Largest Economies

Click here to take the quiz!

General Stats

  • This quiz has been taken 255 times
  • The average score is 14 of 15

Answer Stats

GDP, in millions of US dollarsState% Correct
$1,701.4New York
100%
$3,018.3California
99%
$1,059.1Florida
99%
$1,818.6Texas
99%
$879.9Illinois
94%
$576.6Washington
93%
$601.5Georgia
91%
$803.3Pennsylvania
91%
$575.6North Carolina
90%
$689.1Ohio
90%
$544Virginia
90%
$537Michigan
89%
$575.6Massachusetts
83%
$634.7New Jersey
80%
$417Maryland
73%

Score Distribution

Percentile by Number Answered

Percent of People with Each Score

Your Score History

You have not taken this quiz